Financial accounting principles and applications

Bibliographic Details
Main Authors: Brock, Horace R. (Author), Cunningham, Billie M. (Author), Palmer, Charles E. (Author)
Format: Book
Language:English
Published: New York : McGraw-Hill 1986
Edition:Firth Edition
Subjects:

MARC

LEADER 00000cam a2200000 7i4500
001 0000007119
005 20241001.0
008 000513 nyua eng
020 |a 0070082618 
040 |a INS   |b eng   |e rda 
090 0 0 |a HF5635   |b .B85452 1986 
100 1 |a Brock, Horace R. ,   |e author 
245 1 0 |a Financial accounting principles and applications   |c Haorace R. Brock, Charles E. Palmer, Billie M. Cunningham 
250 |a Firth Edition 
264 1 |a New York :   |b McGraw-Hill   |c 1986 
300 |a xvi, 896 pages :   |b illustrations ;   |c 24 cm. 
336 |a text  |2 rdacontent 
337 |a unmediated  |2 rdamedia 
338 |a volume  |2 rdacarrier 
500 |a Includes index 
650 0 |a Accounting 
700 1 |a Cunningham, Billie M. ,   |e author 
700 1 |a Palmer, Charles E. ,   |e author 
999 |a 0000004409   |b BOOK   |c Open Shelf   |e Default branch